000 nam a22 a 4500
999 _c545
_d545
003 BLK
005 20230126123529.0
008 180412b bul|||||r ||||||| ||bul||
010 _aKNG00000947000
020 _a954-404-052-8
040 _aBLK
041 _aBUL
_cBUL
080 _aАнглийска литература
_b821.111
_x-93-32
_z821.111-93-32
100 1 _aЛофтинг, Хю Джон
_eпърви автор
_989675
139 _aЛофтинг, Хю Джон
_bЛ 84
245 1 0 _aИсторията на доктор Дулитъл, в която се разказва за неговия чудноват живот в родината и за удивителните му приключения в далечни и непознати страни
_cХю Джон Лофтинг; прев. от англ. Жени Панайотова Божилова; ил. Хю Джон Лофтинг.
250 _a4. изд.
257 _aGBR
260 _aСофия
_bВедрина
_c1994
_fВраца : Полипринт
300 _a140 с.
_bс ил.
_c20 см
380 _aDX
500 _a1. изд. 1969 на изд. Нар. култура. - 5 000 тир.
653 _aприказни повести
653 _aдетска литература
653 _aлитература за деца
700 1 _aБожилова, Жени Панайотова
_eпрев. от англ.
_9242591
700 1 _aЛофтинг, Хю Джон
_eил.
_989675
852 _aЦб 262598
856 4 _qpdf
_u
_i0.44
_ldisable
856 4 _qpdf
_u
_i0.44
_ldisable
942 _cKNG
_n0
_029
_s1
944 _aCR
_c15.01.2003
_kЕлица_Владова
944 _aED
_c03.10.2013
999 _d545